<?xml version="1.0" encoding="UTF-8"?>
<record
    xmlns:xsi="http://www.w3.org/2001/XMLSchema-instance"
    xsi:schemaLocation="http://www.loc.gov/MARC21/slim http://www.loc.gov/standards/marcxml/schema/MARC21slim.xsd"
    xmlns="http://www.loc.gov/MARC21/slim">

  <leader>01769nam a22002177a 4500</leader>
  <controlfield tag="003">0</controlfield>
  <controlfield tag="005">20260507150646.0</controlfield>
  <datafield tag="020" ind1=" " ind2=" ">
    <subfield code="a">9789348199997</subfield>
  </datafield>
  <datafield tag="082" ind1=" " ind2=" ">
    <subfield code="a">CS 352.430954 PSE</subfield>
  </datafield>
  <datafield tag="100" ind1=" " ind2=" ">
    <subfield code="a">P. Sesh Kumar</subfield>
    <subfield code="9">16016</subfield>
  </datafield>
  <datafield tag="100" ind1=" " ind2=" ">
    <subfield code="c">IAAS</subfield>
    <subfield code="9">18809</subfield>
  </datafield>
  <datafield tag="100" ind1=" " ind2=" ">
    <subfield code="d">1982</subfield>
    <subfield code="9">18810</subfield>
  </datafield>
  <datafield tag="245" ind1=" " ind2=" ">
    <subfield code="a">CAG - ensuring accountability amidst controversies : an inside view</subfield>
  </datafield>
  <datafield tag="260" ind1=" " ind2=" ">
    <subfield code="a">Chadigarh</subfield>
    <subfield code="b">White Falcon</subfield>
    <subfield code="c">2025</subfield>
  </datafield>
  <datafield tag="300" ind1=" " ind2=" ">
    <subfield code="a">218</subfield>
  </datafield>
  <datafield tag="520" ind1=" " ind2=" ">
    <subfield code="a">The book provides a nuanced exploration of the Comptroller and Auditor General (CAG) of India, highlighting its pivotal role in promoting transparency and good governance. It examines CAG's domestic and international achievements and challenges, including systemic reforms prompted by its audits and global recognition from organizations like the United Nations.


It stands out in that it also addresses criticisms, such as insufficient introspection, ineffective peer reviews, and shortcomings in initiatives like Voucher Level Computerization, Combined Finance and Revenue Account and One IAAD One Audit. Through balanced analysis, it advocates for reforms like improved internal controls, transparent peer reviews, and enhanced accountability moving over to a multi member institution.


By delving into controversies like the coal block allocation and 2G spectrum audits of 2010-12 and subsequent ones, the book underscores the need for CAG to balance its mandate with developmental priorities. It aims to demystify CAG's role while fostering public awareness, providing a critical yet constructive perspective on strengthening this cornerstone of Indian democracy.</subfield>
  </datafield>
  <datafield tag="600" ind1=" " ind2=" ">
    <subfield code="c">Civil Services</subfield>
    <subfield code="9">19078</subfield>
  </datafield>
  <datafield tag="650" ind1=" " ind2=" ">
    <subfield code="a">Financial administration and budgets</subfield>
    <subfield code="9">18812</subfield>
  </datafield>
  <datafield tag="650" ind1=" " ind2=" ">
    <subfield code="a">Public audit, and Governance</subfield>
    <subfield code="9">18813</subfield>
  </datafield>
  <datafield tag="942" ind1=" " ind2=" ">
    <subfield code="c">DB</subfield>
  </datafield>
  <datafield tag="952" ind1=" " ind2=" ">
    <subfield code="0">0</subfield>
    <subfield code="1">0</subfield>
    <subfield code="4">0</subfield>
    <subfield code="7">0</subfield>
    <subfield code="a">LBSNAA</subfield>
    <subfield code="b">LBSNAA</subfield>
    <subfield code="d">2026-04-09</subfield>
    <subfield code="g">799.00</subfield>
    <subfield code="l">0</subfield>
    <subfield code="o">CS 352.430954 PSE</subfield>
    <subfield code="p">173423</subfield>
    <subfield code="r">2026-04-09</subfield>
    <subfield code="w">2026-04-09</subfield>
    <subfield code="y">DB</subfield>
    <subfield code="0"></subfield>
    <subfield code="x"></subfield>
    <subfield code="2"></subfield>
  </datafield>
  <datafield tag="999" ind1=" " ind2=" ">
    <subfield code="c">360732</subfield>
    <subfield code="d">360732</subfield>
  </datafield>
</record>
